000 00769cam a22002533a 4500
001 888
003 PGUSA
005 20140828082954.0
008 970401s1997||||xxu|||||s|||||000 1 eng d
040 _aPGUSA
_beng
042 _adc
050 4 _aPR
100 1 _aCollins, Wilkie,
_d1824-1889
245 1 4 _aThe Lazy Tour of Two Idle Apprentices
_h[electronic resource] /
_cWilkie Collins
260 _bProject Gutenberg,
_c1997
506 _aPublic domain in the USA.
516 _aElectronic text
653 _aApprentices -- Fiction
653 _aWalking -- England -- Cumbria -- Fiction
653 _aCumbria (England) -- Description and travel -- Fiction
830 0 _aProject Gutenberg
_v888
856 4 0 _uhttp://www.gutenberg.org/ebooks/888
942 _cEB
999 _c230239
_d230239